True Friends - Bring Me the Horizon - Statistics

General Stats
  • This quiz has been taken 18 times
  • The average score is 335 of 416
Answer Stats
Answer % Correct
do
100%
Don't
100%
don't
100%
for
100%
friends
100%
front
100%
I
100%
in
100%
know,
100%
know?
100%
know
100%
the
100%
True
100%
was
100%
you
100%
You
100%
but
92%
cause
92%
Cause
92%
forget
92%
hold
92%
if
92%
never
92%
stab
92%
to
92%
breath
85%
forgive
85%
how
85%
my
85%
wouldn't
85%
your
85%
a
77%
A
77%
It
77%
it
77%
So
77%
start
77%
be
69%
can
69%
dare
69%
even
69%
from
69%
funny
69%
hide
69%
I'll
69%
It's
69%
kick
69%
like
69%
no
69%
now
69%
right
69%
run
69%
see
69%
teeth
69%
try
69%
bitter
62%
broke
62%
can't
62%
couldn't
62%
forest
62%
heart
62%
help
62%
irony
62%
just
62%
kind
62%
meant
62%
not
62%
nothing
62%
of
62%
Such
62%
we
62%
yours
62%
all
54%
and
54%
And
54%
could've
54%
faded
54%
flame
54%
fuelling
54%
guess
54%
had
54%
hate
54%
is
54%
nerve
54%
out
54%
something
54%
spine
54%
steal
54%
there's
54%
things
54%
this
54%
This
54%
Time
54%
wasn't
54%
what
54%
work
54%
apart
46%
been
46%
deadline
46%
dreams
46%
ends
46%
fell
46%
gasoline
46%
has
46%
karma
46%
lot
46%
mine
46%
trees
46%
Well,
46%
Well
46%
won't
46%
about
38%
got
38%
made
38%
sad,
38%
when
38%
worried
38%
asked
31%
bed
31%
fire
31%
I'm
31%
afraid
23%
No matching quizzes found
Score Distribution
Percent of People with Each Score
Percentile by Number Answered
Your Score History
You have not taken this quiz